Notting Hill Housing Trust v Brackley and another (Record no. 68322)

MARC details
000 -LEADER
fixed length control field 01227cam a2200217 4500
001 - CONTROL NUMBER
control field ABS64574
008 - FIXED-LENGTH DATA ELEMENTS--GENERAL INFORMATION
fixed length control field 010920n2001 000 0 eng u
035 ## - SYSTEM CONTROL NUMBER
System control number (Sirsi) u114668
245 ## - TITLE STATEMENT
Title Notting Hill Housing Trust v Brackley and another
260 ## - PUBLICATION, DISTRIBUTION, ETC.
Date of publication, distribution, etc. 2001
490 ## - SERIES STATEMENT
Series statement Estates Gazette
Volume/sequential designation [2001] 35 EG 106-110(5)
520 ## - SUMMARY, ETC.
Summary, etc. CA 24 April 2001. A and B held a joint tenancy. A left the premises and served a notice to quit on landlord (C). C commenced possession proceedings on B. B claimed A was in breach of Trusts of Land and Appointment of Trustees Act 1996 s11, and thus that the notice to quit was void. Judge held notice to quit was valid. B appealed, contending that under s11 the service of a notice to quit was the exercise of a function that required consultation between joint tenants. Held that the 1996 Act had not affected the Law of Property Act 1925 s26. Appeal dismissed.
590 ## - LOCAL NOTE (RLIN)
Local note ABS
650 ## - SUBJECT ADDED ENTRY--TOPICAL TERM
Topical term or geographic name entry element LAW OF PROPERTY ACT 1925 S26
650 ## - SUBJECT ADDED ENTRY--TOPICAL TERM
Topical term or geographic name entry element TRUSTS OF LAND AND APPOINTMENT OF TRUSTEES ACT 1996
650 ## - SUBJECT ADDED ENTRY--TOPICAL TERM
Topical term or geographic name entry element NOTTING HILL HOUSING TRUST V BRACKLEY
650 ## - SUBJECT ADDED ENTRY--TOPICAL TERM
Topical term or geographic name entry element NOTICE TO QUIT
650 ## - SUBJECT ADDED ENTRY--TOPICAL TERM
Topical term or geographic name entry element JOINT TENANCIES
690 ## - LOCAL SUBJECT ADDED ENTRY--TOPICAL TERM (OCLC, RLIN)
Topical term or geographic name as entry element LANDLORD AND TENANT-RESIDENTIAL TENANCIES-CASE LAW
942 ## - ADDED ENTRY ELEMENTS (KOHA)
Suppress in OPAC 0
Holdings
Withdrawn status Lost status Source of classification or shelving scheme Damaged status Not for loan Home library Current library Shelving location Date acquired Total Checkouts Full call number Barcode Date last seen Copy number Price effective from Koha item type
    Dewey Decimal Classification     London London Journal article 20/09/2001   ABS64574 114668-1001 06/08/2019 1 06/08/2019 Law report